Desafíos de la migración: ¿Cómo acercarnos a las personas migradas? Miradas de y desde la investigación e intervención social

Guardat en:
Dades bibliogràfiques
Autor principal: Avaria Saavedra, Andrea (Autor)
Format: Llibre
Idioma:espanyol
Publicat: Santiago Universidad Santo Tomás 2012
Edició:1a. ed
Matèries:
Etiquetes: Afegir etiqueta
Sense etiquetes, Sigues el primer a etiquetar aquest registre!

MARC

LEADER 00000cam a2200000 a 4500
001 UCF8592
003 CL-VaPUC
008 130916e20121200cl |||||||||||||||||spa|d
020 |a 9789567946174 
082 0 4 |a 304.6  |b AVA  |2 21 
100 0 |a Avaria Saavedra, Andrea  |e author  |9 570702 
245 1 0 |a Desafíos de la migración: ¿Cómo acercarnos a las personas migradas? Miradas de y desde la investigación e intervención social 
250 |a 1a. ed 
300 |a 275 p 
942 |c BK 
945 |d 20130916 10:38:00  |a dcastane 
260 |a Santiago  |b Universidad Santo Tomás  |c 2012 
650 0 |a Migración   |9 331531 
650 7 |a MIGRACION DE PERSONAS  |2 CL-VaPUC  |9 357970 
650 0 |a Demografía   |9 260008 
650 7 |a DINAMICA DE LA POBLACION  |2 CL-VaPUC  |9 338226 
583 |a last modification  |c 20130916 10:38:00  |k Rodrigo Vera 
999 |c 353159  |d 353157 
952 |0 0  |1 0  |3 erb  |4 0  |6 304_600000000000000_AVA_2012  |7 0  |8 A  |9 458129  |a BIBCUR  |b BIBCUR  |d 2019-11-23  |i 5011116  |o 304.6 AVA 2012  |p 5011116  |r 2025-04-22  |w 2019-11-23  |y BK  |z Catalogado en:20130916  |k PER 
952 |0 0  |1 0  |3 erb  |4 0  |6 304_600000000000000_AVA_2012  |7 0  |8 A  |9 458130  |a BIBING  |b BIBING  |d 2019-11-23  |i 5011159  |o 304.6 AVA 2012  |p 5011159  |r 2025-01-20  |w 2019-11-23  |y BK  |z Catalogado en:20130916  |k GEO 
952 |0 0  |1 0  |3 erb  |4 0  |6 304_600000000000000_AVA_2012  |7 0  |8 A  |9 458131  |a BIBGIM  |b BIBGIM  |d 2019-11-23  |i 5011124  |l 2  |o 304.6 AVA 2012  |p 5011124  |r 2025-01-15  |s 2022-03-22  |w 2019-11-23  |y BK  |z Catalogado en:20130916  |k SSL